| 000 | 00655nam a2200217Ii 4500 | ||
|---|---|---|---|
| 003 | JO-AjNU | ||
| 008 | 230605s9999||||xx |||||||||||||| ||und|| | ||
| 020 | _a95516=736-0 | ||
| 040 |
_aJO-AjNU _bara _erda _cJO-AjNU |
||
| 041 | _aara | ||
| 050 | 1 | 4 | _aBM495.S4478 1991 |
| 100 | 3 |
_aالصليبي، كمال, _eauthor _910602 |
|
| 245 | 0 | 0 | _aخفايا التوراة واسرار شعب اسرائيل |
| 250 | _aط1 | ||
| 264 | 3 | 1 | _aد.م: دار الساقي، 1991 |
| 300 | _a303ص | ||
| 336 |
_atext _btxt _2rdacontent |
||
| 337 |
_aunmediated _bn _2rdamedia |
||
| 338 |
_avolume _bnc _2rdacarrier |
||
| 650 | 4 |
_aاليهود - التوارة _910603 |
|
| 999 |
_aA1890 _c5458 _d5458 |
||